• 首页
  • 本馆介绍
  • 公告通知
  • 最新文献
  • 馆藏检索
  • 电子资源
  • 读者导购
  • 参考咨询
  • 我的图书馆
  • 登录
  • 详细信息显示
  • 放入我的书架
  • 预约/预借图书
  • 作者相关作品
  • 分类相关作品
  • 丛书相关作品
  • 出版社相关作品

书目信息

  • 表格格式
  • 工作单格式
  • 卡片格式
题名:
中国经济发展模式转型
    
 
作者: 王今朝 , 龙斧 著
分册:  
出版信息: 北京   科学出版社  2011.10
页数: 12,240页
开本: 24cm
丛书名:
单 册:
中图分类: F120.3
科图分类:
主题词: 中国经济--经济发展模式--研究 , 中国经济 , 经济发展模式
电子资源:
ISBN: 978-7-03-032435-1
000 00996nam0 2200277 450
001 523
005 20140908151554.85
010    @a978-7-03-032435-1@dCNY42.00
100    @a20120206d2011 em y0chiy50 ea
101 0  @achi
102    @aCN@b110000
105    @ay z 000yy
106    @ar
200 1  @a中国经济发展模式转型@AZhong Guo Jing Ji Fa Zhan Mo Shi Zhuan Xing@e理论与政策@ELi Lun Yu Zheng Ce@f王今朝,龙斧著@FWang Jin Chao, Long Fu Zhu
210    @a北京@c科学出版社@d2011.10
215    @a12,240页@d24cm
330    @a本书共11章,阐述了经济发展模式的内涵与模式、文献和研究方法辨析、生产资料所有权安排与经济发展模式、对外经济关系:由高开放度向低开放度转变等内容。
517 1  @a理论与政策@ALi Lun Yu Zheng Ce
606 0  @a中国经济@x经济发展模式@x研究
606 0  @a中国经济
606 0  @a经济发展模式
690    @aF120.3@v5
701  0 @a王今朝@AWang Jin Chao@c(经济学)@4著
701  0 @a龙斧@ALong Fu@4著
801  0 @aCN@bTANGWEI@c20140603
905    @b0838273-75@dF120.3@e234@f3
    
    中国经济发展模式转型:理论与政策/王今朝,龙斧著.-北京:科学出版社,2011.10
    12,240页;24cm
    
    
    ISBN 978-7-03-032435-1:CNY42.00
    本书共11章,阐述了经济发展模式的内涵与模式、文献和研究方法辨析、生产资料所有权安排与经济发展模式、对外经济关系:由高开放度向低开放度转变等内容。
●
相关链接 在E读中查询图书 在五车中查询图书 在当当中查询图书 在豆瓣中查询图书


正题名:中国经济发展模式转型     索取号:F120.3/234         预约/预借

序号 登录号 条形码 馆藏地/架位号 状态 备注
1 0838273   208382739   第一样本阅览室/ [索取号:F120.3/234] 在馆    
2 0838274   208382748   密集书库-海洋学院/ [索取号:F120.3/234] 在馆    
3 0838275   208382757   第一借阅区/ [索取号:F120.3/234] 在馆    
唐山师范学院图书馆 欢迎您!
大连网信软件有限公司© 版权所有